banner-ar

الحياة السرية للشمس / (Record no. 61178)

MARC details
000 -الفاتح
حقل البيانات ثابتة الطول 00990nam a22002537a 4500
005 - وقت وتاريخ اخر تعامل مع التسجيلة
رقم الضبط 20240530110447.0
008 - عناصر البيانات ثابتة الطول - معلومات عامة
حقل البيانات ثابتة الطول 150429s2008 ua g 000 0 ara d
017 ## - رقم الايداع القانونى
رقم الايداع القانونى 2008/1656
المصدر ( الهيئة المختصة) مصر . دار الكتب المصرية
020 ## - الرقم الدولى المعيارى للكتب
الرقم الدولى المعيارى للكتاب 9789774204938
040 ## - مصدر الفهرسة
وكالة الفهرسة الأصلية EG-CaGPL
082 04 - رقم تصنيف ديوى العشرى
رقم الطبعة 21
رقم التصنيف 523.7\
رقم المادة ج ح
100 1# - المدخل الرئيسى - إسم شخصى
الإسم الشخصى جريبيين ،جون
245 12 - بيان العنوان
العنوان الحياة السرية للشمس /
بيان المسئوليه,etc جون جريبيين ؛ ترجمة لبنى الريدى ؛ مراجعة محمد زاهر المنشاوى .
260 ## - PUBLICATION, DISTRIBUTION, ETC. (IMPRINT)
تاريخ النشر أو التوزيع 2008.
300 ## - الوصف المادى
التعداد 272 ص ؛
أبعاد الوعاء 24 سم.
650 04 - المدخل الاضافى بالموضوع-مصطلح موضوعى
مصطلح موضوعي الشمس.
650 04 - المدخل الاضافى بالموضوع-مصطلح موضوعى
مصطلح موضوعي الهندسة الشمسية.
650 04 - المدخل الاضافى بالموضوع-مصطلح موضوعى
مصطلح موضوعي الاشعاع الشمسى.
650 04 - المدخل الاضافى بالموضوع-مصطلح موضوعى
مصطلح موضوعي النظام الشمسى.
700 0# - المدخل الاضافى - اسم شخصى
الإسم الشخصى لبنى الريدى
الدور مترجم
700 0# - المدخل الاضافى - اسم شخصى
الإسم الشخصى محمد زاهر المنشاوى
الدور مراجع
942 ## - عناصر المدخل الإضافي( كوها)
مصدر التصنيف او مخطط الترفيف Dewey Decimal Classification
Koha [default] item type كتاب
260 ## - PUBLICATION, DISTRIBUTION, ETC. (IMPRINT)
-- القاهرة :
-- الهيئة المصرية العامة للكتاب ،
Holdings
حالة التراجع حالة الفقد حالة تلف ليس للاعارة المكان المؤقت الموقع الحالى تاريخ الاكتساب اجمالي اﻻعارات رقم الطلب الباركود تاريخ اخر مشاهدة تاريخ تفعيل السعر نوع وعاء كوها
        مكتبة القاهرة الكبرى مكتبة القاهرة الكبرى 04/29/2015   523.7\ ج ح 160404 04/29/2015 04/29/2015 كتاب

Powered By

EGPV